| 000 | 00368 a2200145 4500 | ||
|---|---|---|---|
| 001 | 169547 | ||
| 020 | _a | ||
| 040 | _cMagnum | ||
| 100 | _aPages, Max | ||
| 240 | 1 | 0 |
_aOrientacao nao-diretiva em psicoterapia e psicologia social _lpor |
| 245 | 1 | 0 | _aOrientacao nao-diretiva em psicoterapia e psicologia social |
| 362 | 0 | _a1899 | |
| 697 | _aPSICOLOGIA | ||
| 942 | _cBK | ||
| 999 |
_c169547 _d169547 |
||